Statystyki dla Miasta (jednostki administracyjne) San Marino

Kliknij tutaj aby rozwiązać quiz!

Ogólne statystyki

  • Ten quiz został rozwiązany 149 razy
  • Średni wynik to 3 z 9

Odpowiedzi na mapie

Odpowiedzi skodowane kolorowo w zielono-czerwonej skali na mapie do tego quizu, zgodnie z poniższymi procentami.
 

Statystyki odpowiedzi

Miasto% Poprawnych
San Marino
100%
Fiorentino
31%
Acquaviva
24%
Domagnano
20%
Faetano
20%
Serravalle
20%
Borgo Maggiore
18%
Chiesanuova
18%
Montegiardino
18%

Rozkład punktacji

Percentyl według liczby udzielonych odpowiedzi

Procent ludzi z każdym wynikiem

Twoja historia wyników

Nie rozwiązałeś tego quizu